000 01127cam a2200313Ii 4500
008
020 _a9780323431378 (Hardback)
040 _aNUST
_cNUST
040 _aUMI
_beng
_erda
_epn
_cNUST
_dTOH
_dCEF
_dKSU
_dOCLCQ
_dDEBBG
_dAU@
_dUAB
_dDST
090 4 _aTA418.9.N35
_bLIE
100 1 _aLiew, K. M.,
_eauthor
245 1 0 _aMechanical behaviors of carbon nanotubes :
_btheoretical and numerical approaches /
_cK.M. Liew, Jian-Wei Yan, Lu-Wen Zhang
264 1 _aAmsterdam, Netherlands :
_bElsevier,
_c[2017]
300 _axii, 449 pages :
_billustrations ,
_c25 cm
336 _atext
_btxt
_2rdacontent
337 _aunmediated
_bc
_2rdamedia
338 _avolume
_bcr
_2rdacarrier
490 1 _aMicro and nano technologies series
500 _aIncludes index
504 _aIncludes bibliographical references
650 0 _aCarbon nanotubes
_xMechanical properties
700 1 _aYan, Jian-Wei,
_eauthor
700 1 _aZhang, Lu-Wen,
_eauthor
907 _a.b1041891x
_b15-06-22
_c23-05-22
003
005 20230123141244.0
049 _aMAIN
942 _cBOOKS
_kTA418.9.N35
_mLIE
999 _c170353
_d170353